00390nam a2200145Ia 4500008004100000020001500041041001200056082002000068100002400088245005700112250001200169260002700181300001200208650002400220231217s9999 xx 000 0 und d a817881580x aEnglish a005.7 JAY;1 R aJaya Krishna, S ed. 0aData warehousing : process and industry applications a1st ed. c2005bIcfaiaHyderabad axi, 186 awarehousing,process